Tuk Senawar Juharak Banjar

Bibliographic Details
Main Author: Mana Sikana
Format: Book
Published: Kuala Lumpur : Edar Seputeh Sdn. Bhd , 1987
Series:Siri Pewira Tanah Melayu
Subjects:

MARC

LEADER 00000cam a2200000 7i4500
001 0000090003
005 20111111.0
008 100526 bm
020 |a [] 
090 0 0 |a J 920 SIR 
100 1 |a Mana Sikana 
245 1 0 |a Tuk Senawar Juharak Banjar   |c Mana Sikana 
260 |a Kuala Lumpur :   |b Edar Seputeh Sdn. Bhd ,   |c 1987 
300 |a 26p :   |b ill ;   |c 18cm. 
440 0 |a Siri Pewira Tanah Melayu 
650 0 0 |a History 
999 |a 0000115836   |b Buku   |c Koleksi Pinjaman Kanak-Kanak   |e Perpustakaan Cawangan Masjid Tanah 
999 |a 0000414882   |b Buku   |c Koleksi Pinjaman Kanak-Kanak   |e Perpustakaan Cawangan Jasin 
999 |a 15301   |b Buku   |c Koleksi Pinjaman Kanak-Kanak   |e Perpustakaan Cawangan Jasin 
999 |a 19618   |b Buku   |c Koleksi Pinjaman Kanak-Kanak   |e Perpustakaan Cawangan Jasin